00863nam a22002177a 450000500170000000800410001702000150005804100080007304400080008108200180008910000310010724501090013826000320024730000360027950500320031550500410034750500510038894200170043999900150045695201740047120140227115813.0140227b2002 enk||||| |||| 00| 0 eng d a1843311666 aeng aenk04a338.91bS122w1 aSacquet, Anne-Marie91187210aWorld atlas of sustainable development : beconomic, social and environmental data fullo updated to 2005 aLondresbAnthem Pressc2002 a83 p.bil. (col), mapasc25 cm. aI. Human development p. 14 aII. Risk and the environment pag. 34 aIII. Economy, dependancy and solidarity pag 56 2ddccImpreso c8161d8161 00102ddc40708GENERALIINV2017aBogotabBogotad2014-02-27eInstitutog15000.00l0oLB-338.91 S122wp034020r2014-02-27 00:00:00tEj. 1w2014-02-27xDonaciónyLIBRO